Statistiques concernant Les 20 préfectures départementales les plus proches de Mende (Lozère) à vol d'oiseau

Cliquez ici pour prendre le quiz!

Statistiques générales

  • Ce quiz a été pris 226 fois
  • Le résultat moyen est 18 sur 20

Statistiques - réponses

Distance (km)Préfecture% Correct
105Montpellier (Hérault)
98%
102Nîmes (Gard)
97%
76Rodez (Aveyron)
96%
95Aurillac (Cantal)
93%
144Clermont-Ferrand (Puy-de-Dôme)
93%
174Lyon (Rhône)
93%
202Marseille (Bouches-du-Rhône)
92%
193Toulouse (Haute-Garonne)
92%
122Avignon (Vaucluse)
89%
66Le Puy-en-Velay (Haute-Loire)
89%
90Privas (Ardèche)
89%
124Saint-Étienne (Loire)
88%
127Albi (Tarn)
87%
119Valence (Drôme)
87%
209Perpignan (Pyrénées-Orientales)
83%
191Grenoble (Isère)
81%
180Montauban (Tarn-et-Garonne)
80%
160Tulle (Corrèze)
80%
164Cahors (Lot)
78%
172Carcassonne (Aude)
76%

Distribution des résultats

Percentile par nombre de réponses

% des personnes avec chaque résultat

Votre développement - résultats

Vous n’avez pas pris ce quiz